<?xml version="1.0" encoding="UTF-8"?>
<record
    xmlns:xsi="http://www.w3.org/2001/XMLSchema-instance"
    xsi:schemaLocation="http://www.loc.gov/MARC21/slim http://www.loc.gov/standards/marcxml/schema/MARC21slim.xsd"
    xmlns="http://www.loc.gov/MARC21/slim">

  <leader>02979nam a22004337a 4500</leader>
  <datafield tag="999" ind1=" " ind2=" ">
    <subfield code="c">21886</subfield>
    <subfield code="d">21886</subfield>
  </datafield>
  <controlfield tag="003">AR-CdUCM</controlfield>
  <controlfield tag="008">190425b           ||||| |||| 00| 0 spa d</controlfield>
  <datafield tag="040" ind1=" " ind2=" ">
    <subfield code="a">MUNICIPALIDAD PROVINCIAL DEL CUSCO</subfield>
    <subfield code="c">BIBLIOTECA MUNICIPAL DEL CUSCO</subfield>
  </datafield>
  <datafield tag="082" ind1=" " ind2=" ">
    <subfield code="a">Rev.AHC/N&#xB0;16/2004</subfield>
  </datafield>
  <datafield tag="110" ind1=" " ind2=" ">
    <subfield code="a">Archivo Regional del Cusco</subfield>
    <subfield code="9">46600</subfield>
  </datafield>
  <datafield tag="245" ind1=" " ind2=" ">
    <subfield code="a">Revista del Archivo Regional del Cusco /</subfield>
    <subfield code="c">Archivo Regional del Cusco</subfield>
  </datafield>
  <datafield tag="260" ind1=" " ind2=" ">
    <subfield code="a">Cusco :</subfield>
    <subfield code="b">[s.n]</subfield>
    <subfield code="b">Archivo Regional del Cusco,</subfield>
    <subfield code="c">2004.</subfield>
  </datafield>
  <datafield tag="300" ind1=" " ind2=" ">
    <subfield code="a">310 p&#xE1;ginas. :</subfield>
    <subfield code="c">23 cm.</subfield>
  </datafield>
  <datafield tag="440" ind1=" " ind2=" ">
    <subfield code="a">Revista del Archivo Hist&#xF3;rico Regional del Cusco.</subfield>
    <subfield code="n">N&#xB0;16, 2004.</subfield>
    <subfield code="9">46656</subfield>
  </datafield>
  <datafield tag="505" ind1=" " ind2=" ">
    <subfield code="a">Contenido: De la conquista y la resistencia. -- La jura de Carlos IV en el Cusco la nobleza ind&#xED;gena reafirma su fidelidad al rey. -- La virgen del Rosario de Pomata en su iglesia y en el virreinato. -- La escuela del Cusco artistas y talleres. -- &#xC1;ngel Vega Enr&#xED;quez un gestor de la historia cuzque&#xF1;a. -- El clero en la revoluci&#xF3;n de 1814 dimensi&#xF3;n fiscal de la insurgencia. -- Parentesco, escritura y poder los Gamarra y la escritura p&#xFA;blica en el Cusco. -- Nota sobre el cuaderno N&#xB0;8, legajo N&#xB0;27, del Fondo Corregimiento del ADC y la historia incaica. -- Para siempre xamas, funci&#xF3;n e impacto de las capellan&#xED;as cuzque&#xF1;as siglos XVIII y XIX. -- Sucinta relaci&#xF3;n de corregidores del Cusco 1548-1784. -- Obelisco en el Huanacauri o Wanakauri. -- Algunos apuntes sobre la ciudad de la plater&#xED;a o Choquequiraw. --  Fuentes mitol&#xF3;gicas geopol&#xED;ticas y arqueol&#xF3;gicas para el estudio de los Tampus Tambo Tampu. -- Sobre los archivos regionales. -- Qheswa a prop&#xF3;sito del primer diccionario de la lengua Quechua de la AMLQ. -- Anta. -- &#xBF;Para que sirve la historia? diez utilidades. -- &#xBF;Pulcritud? o &#xBF;depredaci&#xF3;n modernista de nuestra identidad? -- &#xCD;ndice de primeros quince n&#xFA;meros de la Revista del Archivo Regional de Cusco 1950-2000. -- Titulaci&#xF3;n y legalidad en un &#xE1;mbito rural del Cusco cat&#xE1;logo del fondo documental del Archivo del Ministerio de Agricultura de Sicuani documentos relativos a la provincia de Chumbivilcas.</subfield>
  </datafield>
  <datafield tag="650" ind1=" " ind2=" ">
    <subfield code="a">Nobles ind&#xED;genas</subfield>
    <subfield code="9">46657</subfield>
  </datafield>
  <datafield tag="650" ind1=" " ind2=" ">
    <subfield code="a">Artistas cusque&#xF1;os</subfield>
    <subfield code="9">46623</subfield>
  </datafield>
  <datafield tag="650" ind1=" " ind2=" ">
    <subfield code="a">Arte cusque&#xF1;o</subfield>
    <subfield code="9">13165</subfield>
  </datafield>
  <datafield tag="650" ind1=" " ind2=" ">
    <subfield code="a">Revoluci&#xF3;n de 1814</subfield>
    <subfield code="9">46658</subfield>
  </datafield>
  <datafield tag="650" ind1=" " ind2=" ">
    <subfield code="a">Historia del Cusco</subfield>
    <subfield code="9">1714</subfield>
  </datafield>
  <datafield tag="650" ind1=" " ind2=" ">
    <subfield code="a">Fondo Corregimiento</subfield>
    <subfield code="9">46659</subfield>
  </datafield>
  <datafield tag="650" ind1=" " ind2=" ">
    <subfield code="a">Corregidores</subfield>
    <subfield code="9">46660</subfield>
  </datafield>
  <datafield tag="650" ind1=" " ind2=" ">
    <subfield code="a">Apus del Cusco</subfield>
    <subfield code="9">46661</subfield>
  </datafield>
  <datafield tag="650" ind1=" " ind2=" ">
    <subfield code="a">Arqueolog&#xED;a cusque&#xF1;a</subfield>
    <subfield code="9">9322</subfield>
  </datafield>
  <datafield tag="700" ind1=" " ind2=" ">
    <subfield code="a">Amado Gonzales, Donato</subfield>
    <subfield code="9">45219</subfield>
  </datafield>
  <datafield tag="700" ind1=" " ind2=" ">
    <subfield code="a">C&#xE1;ceres Olivera, Roberto</subfield>
    <subfield code="9">46587</subfield>
  </datafield>
  <datafield tag="700" ind1=" " ind2=" ">
    <subfield code="a">Villanueva Urteaga, Horacio</subfield>
    <subfield code="9">5790</subfield>
  </datafield>
  <datafield tag="700" ind1=" " ind2=" ">
    <subfield code="a">Ruiz del Pardo, Carmen</subfield>
    <subfield code="9">46662</subfield>
  </datafield>
  <datafield tag="700" ind1=" " ind2=" ">
    <subfield code="a">Dami&#xE1;n, Carol</subfield>
    <subfield code="9">46663</subfield>
  </datafield>
  <datafield tag="700" ind1=" " ind2=" ">
    <subfield code="a">Cahill, David</subfield>
    <subfield code="9">46636</subfield>
  </datafield>
  <datafield tag="700" ind1=" " ind2=" ">
    <subfield code="a">Bums, Kathryn</subfield>
    <subfield code="9">46664</subfield>
  </datafield>
  <datafield tag="700" ind1=" " ind2=" ">
    <subfield code="a">Najarro Espinoza, Margareth</subfield>
    <subfield code="9">1300</subfield>
  </datafield>
  <datafield tag="700" ind1=" " ind2=" ">
    <subfield code="a">Segalini, Laurent</subfield>
    <subfield code="9">46530</subfield>
  </datafield>
  <datafield tag="700" ind1=" " ind2=" ">
    <subfield code="a">Millies, Diana</subfield>
    <subfield code="9">46649</subfield>
  </datafield>
  <datafield tag="700" ind1=" " ind2=" ">
    <subfield code="a">Angles Vargas, V&#xED;ctor</subfield>
    <subfield code="9">46665</subfield>
  </datafield>
  <datafield tag="700" ind1=" " ind2=" ">
    <subfield code="a">Aguirre C&#xE1;rdenas, Max</subfield>
    <subfield code="9">19737</subfield>
  </datafield>
  <datafield tag="942" ind1=" " ind2=" ">
    <subfield code="2">ddc</subfield>
    <subfield code="c">PP</subfield>
  </datafield>
  <datafield tag="945" ind1=" " ind2=" ">
    <subfield code="a">rac</subfield>
  </datafield>
  <datafield tag="952" ind1=" " ind2=" ">
    <subfield code="0">0</subfield>
    <subfield code="2">ddc</subfield>
    <subfield code="4">0</subfield>
    <subfield code="7">0</subfield>
    <subfield code="a">HEM</subfield>
    <subfield code="b">HEM</subfield>
    <subfield code="c">CART</subfield>
    <subfield code="d">2021-09-10</subfield>
    <subfield code="g">10.00</subfield>
    <subfield code="o">Rev.AHC/N&#xB0;16/2004</subfield>
    <subfield code="p">REVC000404</subfield>
    <subfield code="r">2021-09-10</subfield>
    <subfield code="y">PP</subfield>
  </datafield>
</record>
